000 01164nam a2200349Ic 4500
001 58294
003 CO-BoRNBP
005 20250821143857.0
007 ta
008 180109s2016 sp a g 000 0 spa
020 _a9788497049450
040 _aCO-BoRNBP
_bspa
_erda
_cCO-BoRNBP
041 _aspa
082 0 4 _a028.8
_bG65l
100 _aGómez Díaz, Raquel
_eaut
_962848
245 1 0 _aLeyendo entre pantallas /
_cRaquel Gómez Díaz... [y otros 3].
250 _aPrimera edición
264 1 _aGijón :
_bEdiciones Trea,
_c2016
300 _a255 páginas :
_bilustraciones, tablas en blanco y negro
336 _atexto
_btxt
_2rdacontent
337 _asin mediación
_bn
_2rdamedia
338 _avolumen
_bnc
_2rdacarrier
490 0 _aBiblioteconomía y administración cultural ; 293
500 _aIncluye índice de figuras y tablas
650 0 7 _aComprensión de lectura
_2lemb
_97783
650 0 7 _aPromoción de la lectura
_2LEMB
_91931
650 0 7 _aLectura
_2LEMB
700 _aAlonso Arévalo, Julio
_eaut
_962849
700 _aCordón García, José Antonio
_eaut
_962850
700 _aGarcía Rodríguez, Araceli
_eaut
_962851
942 _2ddc
_cBK
999 _c58294
_d58294